| 000 | 00862nam a2200217Ia 4500 | ||
|---|---|---|---|
| 999 |
_c44459 _d44459 |
||
| 001 | 11228 | ||
| 003 | GE_BSU | ||
| 005 | 20241004155641.0 | ||
| 008 | 181216s2003||||ge |||||||||||||| ||geo|| | ||
| 040 | _cGE_BSU | ||
| 041 | _ageo | ||
| 080 | _a581.5(075.8) გ-94 | ||
| 100 |
_aგულისაშვილი ვ.ზ. _923318 |
||
| 245 |
_aმცენარეთა ეკოლოგია : _b[სახელმძღვანელო] / _cვ. გულისაშვილი. |
||
| 264 |
_aთბილისი: _bთბილისის სახ. უნ-ტის გამ-ბა, _c1961. |
||
| 300 |
_a324 გვ.: _bილ. ; _c23 სმ. |
||
| 500 | _aსაძიებლები გვ. 315-318 | ||
| 504 | _aბიბლიოგრ: გვ. 326. | ||
| 653 | _aმცენარეთა ეკოლოგია | ||
| 942 |
_cBK _2udc |
||